00863nam a22002177a 4500003000400000005001700004008004100021020001800062040002300080082002200103100001800125245008500143260006200228300003900290520013000329650003700459651005400496651002600550651003400576651003500610OSt20240530110424.0150317s2011 ua ao f 000 0 eng d a9789774165122 aEG-CaGPLcEG-CaGPL04221a303.4bCC/K M0 aKarima Khalil10aMessages from Tahrir :bSigns from Egypt's Revolution /cedited by Karima Khalil aCairo : bThe American University in Cairo Press,cc2011. a144, [12] p. :bcol. ill. ;c22 cm aThis book showcases the signs held by protestors inCairo's Tahrir Square during the peaceful revolution in Egypt during 2011.0 aRevolutionszEgypty21st century0 aEgyptxHistoryxRevolution, 2011xPictorial works0 aEgyptxHistoryy1981-0 aEgyptxHistoryy21st century.0 aEgyptxPolitics and government